| 000 | 00386nam a22001697a 4500 | ||
|---|---|---|---|
| 003 | SGT | ||
| 020 | _a9789394525122 | ||
| 082 |
_a616.12 _bE22G |
||
| 100 | _aGARDINER, M.DENA | ||
| 245 | _aTHE PRINCIPLE OF EXERCISE THERAPY | ||
| 250 | _a4TH | ||
| 260 |
_aNEW DELHI _bCBS PUB. _c2022 |
||
| 300 | _a324 | ||
| 650 | _aNATUROPATHY | ||
| 653 | _aTHERAPY, EXERCISE. | ||
| 942 |
_2ddc _cBK _09 |
||
| 999 |
_c24557 _d24557 |
||